| 000 | 01143nam0a22002531 4500 | ||
|---|---|---|---|
| 001 | rc\61232 | ||
| 005 | 20250620164416.0 | ||
| 010 |
_a5-7763-0543-8 _91000 |
||
| 035 | _a(NLR Aleph) 005336983 | ||
| 090 |
_a6652285 _c6652285 |
||
| 100 | _a20021216d1991 |||y0rusy50 ca | ||
| 101 | 0 | _arus | |
| 102 | _aRU | ||
| 105 | _aa ||||||||| | ||
| 200 | 1 |
_aИнтенсификация реагентных методов очистки воды _e[Учеб. пособие для спец. "Водоснабжение, канализация, рац. использ. и охрана вод. ресурсов"] _fМ-во высш. и сред. спец. образования УССР. Учеб.-метод. каб. по высш. образованию, Харьк. ин-т инженеров гор. хоз-ва |
|
| 210 |
_aХарьков _cУМКВО _d1991 |
||
| 215 |
_a166 с. _cил. _d21 |
||
| 320 | _aБиблиогр.: с. 161-164 (61 назв.) | ||
| 700 | 1 |
_aДушкин _bС.С. _gСтанислав Станиславович |
|
| 801 | 0 |
_aRU _bNLR _gpsbo |
|
| 801 | 1 |
_aRU _bELAR _2rusmarc |
|
| 852 |
_aNLR _j92-3/34 |
||
| 942 | _cBOOK | ||
| 980 | _aNB | ||